<?xml version="1.0" encoding="UTF-8"?>
<marc:record xmlns:marc="http://www.loc.gov/MARC21/slim">
   <marc:leader>00000nam a2200000 a 4500</marc:leader>
   <marc:datafield ind1="1" ind2=" " tag="100">
      <marc:subfield code="a">Nemec, Miroslav</marc:subfield>
      <marc:subfield code="4">aut</marc:subfield>
      <marc:subfield code="e">Verfasser/-in</marc:subfield>
   </marc:datafield>
   <marc:datafield ind1="0" ind2="0" tag="245">
      <marc:subfield code="a">Die Toten von der Falkneralm</marc:subfield>
   </marc:datafield>
   <marc:datafield ind1="0" ind2="0" tag="245">
      <marc:subfield code="b">Mein erster Fall</marc:subfield>
   </marc:datafield>
   <marc:datafield ind1=" " ind2="1" tag="264">
      <marc:subfield code="b">Knaus</marc:subfield>
      <marc:subfield code="c">2016</marc:subfield>
   </marc:datafield>
   <marc:datafield ind1="1" ind2=" " tag="520">
      <marc:subfield code="a">Der erste Roman des beliebten Tatort-Kommissars    Miroslav Nemec, den viele als Ivo Batic aus dem Münchner äTatortô kennen, soll bei einem äMörderischen Wochenendeô aus einem Krimi lesen und über äMord in Fiktion und Wirklichkeitô diskutieren. Und so fährt er an einem Freitag im August in das Berghotel äFalkneralmô, zu dem nur eine einsame Steilbahn führt. Doch das Wochenende wird alles andere als erfreulich: Nicht nur kommt ein gewaltiger Gewittersturm auf, plötzlich kommen nacheinander auch drei Gäste zu Tode. Unfall oder Mord? Eine Verkettung unglücklicher Umstände, wie die Berchtesgadener Polizei meint. Doch Nemec und ein anderer Gast, die Polizeimeisterin Bergending aus Augsburg, beginnen zu zweifeln, ob wirklich alles mit rechten Dingen zugegangen ist. Und so muss der Kommissardarsteller Nemec selbst zum Ermittler werden und der Gefahr ins Auge blicken, sich so richtig lächerlich zu machen.</marc:subfield>
   </marc:datafield>
   <marc:datafield ind1=" " ind2=" " tag="020">
      <marc:subfield code="a">9783813507027</marc:subfield>
      <marc:subfield code="9">9783813507027</marc:subfield>
   </marc:datafield>
</marc:record>
